000 00479nam a2200157 4500
001 138637
003 ES-MaACL
005 20230906195614.0
007 t|
008 070214s1967 sp r ||||1| spa d
100 1 _aSantaner Mari, Juan.
_9103341
245 1 0 _aHistoria del arrabal de Santa Catalina /
_cJuan Santaner Mari.
260 _aPalma de Mallorca :
_b[s. n.],
_c1967 (
_fGráf. Miramar)
300 _a180 p., 10 lám. ;
_c20 cm.
852 _aES-MaACL
_jC-32472
_bR.63143
999 _c138637
_d138637